Pferderassen - Statistiken

Allgemein
  • Dieses Quiz wurde 751 mal gespielt
  • Das Durchschnittsergebnis liegt bei 9 aus 16
Antwortstatistiken
Bildquiz Antwort % Korrekt
Haflinger
92%
Friese
91%
Araber
90%
Tinker
74%
Shire Horse
70%
Shetland Pony
68%
Isländer
63%
Lipizzaner
63%
Appaloosa
56%
Mustang
45%
Quarter Horse
39%
Paint Horse
31%
Welsh Pony
30%
Noriker
28%
Clydesdale
27%
Przewalski Pferd
18%
Keine übereinstimmenden Quizze gefunden
Verteilung der Resultate
Anzahl Personen mit jedem Resultat
Perzentil nach korrekt beantworteten Fragen
Ihre Resultats-Entwicklung
Sie haben dieses Quiz noch nicht gespielt